English for Writing Research Papers

Enregistré dans:
Détails bibliographiques
Auteur principal: Wallwork, Adrian
Format: Livre
Langue:anglais
Publié: Cham Springer 2023
Édition:3rd Edition
Sujets:
Tags: Ajouter un tag
Pas de tags, Soyez le premier à ajouter un tag!

MARC

LEADER 00000nam a2200000 4500
001 0304418
005 20250102113409.2
020 |a 978-3-031-31071-3 
041 0 |a eng 
044 |a CH 
245 1 0 |a English for Writing Research Papers  |c Adrian Wallwork 
250 |a 3rd Edition 
264 1 |a Cham  |b Springer  |c 2023 
300 |a 338 s. 
610 2 0 |a jazyky cudzie 
610 2 0 |a angličtina 
610 2 0 |a gramatika 
610 2 0 |a zásoba slovná 
610 2 0 |a štylistika 
610 2 0 |a výskum 
610 2 0 |a práce výskumné 
100 1 |a Wallwork, Adrian